Dopady prítomnosti diskriminácie na slovenskom trhu práce na rozvoj regiónov
Súčasná reálna situácia Slovenska ako členskej krajiny Európskej únie a využívanie prostriedkov kohéznej politiky EÚ. Regionálne disparity a potenciálne oblasti efektívneho využitia prostriedkov v rámci Európskeho sociálneho fondu. EOM - Equal opportunity management, ako forma riadenia rovnakých prí...
Uložené v:
| Hlavný autor: | |
|---|---|
| Ďalší autori: | |
| Médium: | Kapitola |
| Jazyk: | Slovak |
| Predmet: | |
| Tagy: |
Žiadne tagy, Buďte prvý, kto otaguje tento záznam!
|
MARC
| LEADER | 00000nla$a2200000$$$4500 | ||
|---|---|---|---|
| 001 | 0144153 | ||
| 005 | 20221103134650.6 | ||
| 041 | 0 | |a slo | |
| 044 | |a SK | ||
| 245 | 1 | 0 | |a Dopady prítomnosti diskriminácie na slovenskom trhu práce na rozvoj regiónov |c René Pawera, Paulína Stachová |
| 520 | |a Súčasná reálna situácia Slovenska ako členskej krajiny Európskej únie a využívanie prostriedkov kohéznej politiky EÚ. Regionálne disparity a potenciálne oblasti efektívneho využitia prostriedkov v rámci Európskeho sociálneho fondu. EOM - Equal opportunity management, ako forma riadenia rovnakých príležitostí. | ||
| 610 | 2 | 0 | |a Európska únia |
| 610 | 2 | 0 | |a Slovensko |
| 610 | 2 | 0 | |a politika regionálna |
| 610 | 2 | 0 | |a rozvoj regionálny |
| 610 | 2 | 0 | |a politika kohézna |
| 610 | 2 | 0 | |a euroregióny |
| 610 | 2 | 0 | |a fondy štruktúrne |
| 610 | 2 | 0 | |a diferenciácia regionálna |
| 610 | 2 | 0 | |a trh práce |
| 610 | 2 | 0 | |a zamestnanosť |
| 100 | 1 | |a Pawera, René | |
| 700 | 1 | |a Stachová, Paulína | |